000 00521nam a2200205Ia 4500
003 OSt
005 20220915120011.0
008 210719s2009 xx 000 0 und d
040 _cAL
041 _aeng
082 _a657.48 RAMF
100 _aRAMAN (B S)
_957623
245 _aFinancial accounting VI
260 _aMangaluru
_bUnited publishers
_c2009
300 _avi,360
_bPB
365 _b130
_cRs
650 _aBCOM VI SEM
_957624
906 _aaccounting ; BCom ; Financial ; sem ; VI ; VI:
942 _2ddc
_cBK
999 _c215570
_d215570